00257 a2200121 4500001000700000020002200007040001100029100002700040240002800067245002300095300000800118362000900126182156 a978-85-60281-27-5 cMagnum aRibeiro, João Ubaldo10aSargento Getúliolpor10aSargento Getúlio a1630 a2007